Movies Quiz

Random Movies or Numbers Quiz
Score 0/18 Timer 04:00
1 Play Today
% Correct
E.T.
92.8%
Titanic
92.3%
Top Gun
85.7%
Legally Blonde
85.3%
The Matrix
83.7%
Goodfellas
83.2%
Silence of the Lambs
83.2%
Fargo
80.2%
The Big Lebowski
79.2%
% Correct
Reservoir Dogs
79%
Gandhi
77.9%
Mean Girls
73.8%
Toy Story
73.5%
Rocky
73%
The Princess Bride
72.9%
Showgirls
70.3%
Citizen Kane
69.1%
The Shining
67.8%
Remove Ads.
Support Sporcle.
Get the best of Sporcle when you Go Orange. This ad-free experience offers more features, more stats, and more fun while also helping to support Sporcle. Thank you for becoming a member.

You're not logged in!

Compare scores with friends on all Sporcle quizzes.
OR
Log In

Show Comments

Extras

Top Quizzes Today


Score Distribution

Your Account Isn't Verified!

In order to create a playlist on Sporcle, you need to verify the email address you used during registration. Go to your Sporcle Settings to finish the process.

Report this User

Report this user for behavior that violates our Community Guidelines.

Details: